| 000 | 00649cam a2200145 4500500 | ||
|---|---|---|---|
| 005 | 20251228052419.0 | ||
| 041 | _afre | ||
| 042 | _adc | ||
| 100 | 1 | 0 |
_aRoy, Alexis _eauthor |
| 245 | 0 | 0 | _aTRIULZI, Alessandro & ERCOLESSI, M. Cristina (eds.). — State, Power, and New Political Actors in Postcolonial Africa. Milano, Feltrinelli (« Annali della Fondazione Giangiacomo »), 2004, 284 p. |
| 260 | _c2005. | ||
| 500 | _a55 | ||
| 786 | 0 | _nCahiers d'études africaines | 178 | 2 | 2005-06-01 | p. 585j-620j | 0008-0055 | |
| 856 | 4 | 1 | _uhttps://shs.cairn.info/revue-cahiers-d-etudes-africaines-2005-2-page-585j?lang=fr&redirect-ssocas=7080 |
| 999 |
_c1583506 _d1583506 |
||